<?xml version="1.0" encoding="UTF-8"?>
<record
    xmlns:xsi="http://www.w3.org/2001/XMLSchema-instance"
    xsi:schemaLocation="http://www.loc.gov/MARC21/slim http://www.loc.gov/standards/marcxml/schema/MARC21slim.xsd"
    xmlns="http://www.loc.gov/MARC21/slim">

  <leader>01943agaaa2200337   4500</leader>
  <controlfield tag="001">0465</controlfield>
  <controlfield tag="003">IT-RoPAU</controlfield>
  <controlfield tag="005">20220918181229.0</controlfield>
  <controlfield tag="007">d cvaizq</controlfield>
  <controlfield tag="008">50131s9999||||xx ||| |     ||   ||und||</controlfield>
  <datafield tag="040" ind1=" " ind2=" ">
    <subfield code="a">IT-RoPAU</subfield>
    <subfield code="c">IT-RoPAU</subfield>
  </datafield>
  <datafield tag="041" ind1=" " ind2=" ">
    <subfield code="a">SPAGNOLO </subfield>
  </datafield>
  <datafield tag="100" ind1=" " ind2=" ">
    <subfield code="a">Saura Carlos</subfield>
    <subfield code="g">Codice regista SPICS: 1638</subfield>
    <subfield code="9">39629</subfield>
  </datafield>
  <datafield tag="130" ind1=" " ind2=" ">
    <subfield code="a">AMORE STREGONE (L') </subfield>
    <subfield code="9">39630</subfield>
  </datafield>
  <datafield tag="240" ind1=" " ind2=" ">
    <subfield code="a">AMOR BRUJO (EL) </subfield>
    <subfield code="g">T3876</subfield>
  </datafield>
  <datafield tag="245" ind1=" " ind2=" ">
    <subfield code="a">AMORE STREGONE (L') </subfield>
    <subfield code="c">Prodotto da: Piedra Emiliano -- Sceneggiatura: Gades Antonio Saura Carlos -- Diretto da: Saura Carlos</subfield>
    <subfield code="p">AMORE STREGONE (L') (Rif. Codice opera principale : K0465)</subfield>
  </datafield>
  <datafield tag="246" ind1=" " ind2=" ">
    <subfield code="a">AMOR BRUJO (EL) </subfield>
  </datafield>
  <datafield tag="250" ind1=" " ind2=" ">
    <subfield code="a">Edizione Standard</subfield>
  </datafield>
  <datafield tag="260" ind1=" " ind2=" ">
    <subfield code="a">(SPAGNA )</subfield>
    <subfield code="b">N.d. / Distribuzione: MULTIMEDIA SAN PAOLO</subfield>
    <subfield code="g">"1986 (1&#xB0; ed.: 2010 ; Ed. Lingua Orig.: 1986)"</subfield>
  </datafield>
  <datafield tag="300" ind1=" " ind2=" ">
    <subfield code="a">DVD</subfield>
    <subfield code="b">sonoro, col.</subfield>
    <subfield code="c">100 minuti</subfield>
  </datafield>
  <datafield tag="508" ind1=" " ind2=" ">
    <subfield code="a">"Fotografia: Escamilla Teodoro ; Montaggio: Del Rey Pedro ; Musica: De Falla Manuel; Sceneggiatura: Gades Antonio Saura Carlos ; Scenografia: Vera Gerardo ; "</subfield>
  </datafield>
  <datafield tag="511" ind1=" " ind2=" ">
    <subfield code="a">"Hojos Cristina; Gades Antonio; Jurado Rocio; Lopez; Cobos Jesus; Del; Sol Laura; "</subfield>
  </datafield>
  <datafield tag="520" ind1=" " ind2=" ">
    <subfield code="a">IN UN CAMPO GITANO DUE PADRI PROMETTONO IN MATRIMONIO I PROPRI FIGLI, JOSE' E CANDELA. ALCUNI ANNI DOPO SI FESTEGGIANO CON CANTI E DANZE LE NOZZE. MA JOSE' E' UN INCALLITO CACCIATORE DI DONNE E CANDELA NON SA CHE LA PREFERITA E' LA BELLA LUCIA. DURANTE UNA RISSA, JOSE' VIENE UCCISO CON UNA COLTELLATA E CARMELO - FIN DA BAMBINO AFFASCINATO DA CANDELA - SE NE ADDOSSA LA COLPA E FA QUATTRO ANNI DI GALERA...</subfield>
  </datafield>
  <datafield tag="538" ind1=" " ind2=" ">
    <subfield code="a">PAL, STEREO</subfield>
  </datafield>
  <datafield tag="546" ind1=" " ind2=" ">
    <subfield code="a">SPAGNOLO </subfield>
  </datafield>
  <datafield tag="650" ind1=" " ind2=" ">
    <subfield code="a">MUSICALE - DRAMMA</subfield>
    <subfield code="e">DVD-FILM [DVD]</subfield>
    <subfield code="x">Codice MATERIA SPICS: 9947</subfield>
    <subfield code="9">39631</subfield>
  </datafield>
  <datafield tag="700" ind1=" " ind2=" ">
    <subfield code="a">De Falla Manuel</subfield>
    <subfield code="e">(musica)</subfield>
    <subfield code="g">Codice Musica SPICS: 7470</subfield>
    <subfield code="9">39632</subfield>
  </datafield>
  <datafield tag="700" ind1=" " ind2=" ">
    <subfield code="a">Martinez Sierra Gregorio </subfield>
    <subfield code="e">(soggetto)</subfield>
    <subfield code="g">Codice Soggetto SPICS: 60184</subfield>
    <subfield code="9">39633</subfield>
  </datafield>
  <datafield tag="700" ind1=" " ind2=" ">
    <subfield code="a">Saura Carlos </subfield>
    <subfield code="e">(regista)</subfield>
    <subfield code="g">Codice regista SPICS: 1638</subfield>
    <subfield code="9">39634</subfield>
  </datafield>
  <datafield tag="942" ind1=" " ind2=" ">
    <subfield code="c">DV</subfield>
    <subfield code="2">ddc</subfield>
  </datafield>
  <datafield tag="999" ind1=" " ind2=" ">
    <subfield code="c">105127</subfield>
    <subfield code="d">105127</subfield>
  </datafield>
  <datafield tag="952" ind1=" " ind2=" ">
    <subfield code="0">0</subfield>
    <subfield code="1">0</subfield>
    <subfield code="4">0</subfield>
    <subfield code="6">K_0465_000000000000000</subfield>
    <subfield code="7">1</subfield>
    <subfield code="a">SPICS</subfield>
    <subfield code="b">SPICS</subfield>
    <subfield code="d">2015-01-31</subfield>
    <subfield code="l">0</subfield>
    <subfield code="o">K0465</subfield>
    <subfield code="r">2015-01-31 00:00:00</subfield>
    <subfield code="w">2015-01-31</subfield>
    <subfield code="y">DV</subfield>
    <subfield code="z">Progr. Ins.: 3945 / N.Vol.:1 / Copie: 1 / Pag.:0 / Copia rara: n.d. / date import: 1.2.2015 / By Epidotti, Trombetti, Vaglietti</subfield>
  </datafield>
</record>
